| 000 | 01519nam a2200349 a 4500 | ||
|---|---|---|---|
| 001 | 2010500702 | ||
| 005 | 20240305165647.0 | ||
| 006 | m o d | ||
| 007 | cr un ---uuuua | ||
| 008 | 100915s2010 jm a ob 000 0 eng d | ||
| 010 | _a 2010500702 | ||
| 020 | _a9789766373313 | ||
| 035 | _a37606 | ||
| 040 |
_aUtOrBLW _beng _erda _cUtOrBLW |
||
| 043 | _anwjm--- | ||
| 050 | 0 | 0 |
_aHN230.Z9 _bV56 2010 |
| 082 | 0 | 4 |
_a301.633097295 _223 |
| 090 |
_c14312 _d14312 |
||
| 100 | 1 | _aSives, Amanda. | |
| 245 | 1 | 0 |
_aElections, violence, and the democratic process in Jamaica, 1944-2007 / _cAmanda Sives. |
| 300 |
_a1 online resource (xxix, 232 pages) : _billustrations |
||
| 500 | _aBased on the author's thesis (doctoral)--University of Bradford. | ||
| 504 | _aIncludes bibliographical references (p. [213]-224) and index. | ||
| 505 | 0 | _aThe origins of partisan political violence -- Partisan political violence and party consolidation -- The arrival of the garrison : partisan political violence in the 1960s -- The Manley governments, 1972-1980 -- The decline of partisan political violence -- Politics mash up the community : politics, violence and peace at the community level. | |
| 610 | 2 | 0 |
_aPeople's National Party (Jamaica) _xHistory. |
| 610 | 2 | 0 |
_aJamaica Labour Party _xHistory. |
| 650 | 0 |
_aPolitical violence _zJamaica _xHistory. |
|
| 650 | 0 |
_aElections _zJamaica _xHistory. |
|
| 651 | 0 |
_aJamaica _xPolitics and government. |
|
| 856 | 4 | 0 | _uhttps://app.vlex.com/#/sources/37606 |
| 942 | _cRAA | ||
| 999 |
_c172498 _d172498 |
||